• 首页
  • 本馆介绍
  • 公告通知
  • 最新文献
  • 馆藏检索
  • 电子资源
  • 读者荐购
  • 参考咨询
  • CALIS
  • 我的图书馆
  • 登录
  • 详细信息显示
  • 放入我的书架
  • 预约/预借图书
  • 作者相关作品
  • 分类相关作品
  • 丛书相关作品
  • 出版社相关作品

书目信息

  • 表格格式
  • 工作单格式
  • 卡片格式
题名:
双城记
    
 
作者: 狄理斯 著
分册:  
出版信息: 北京   外文出版社  1993
页数: 410页
开本: 36开
丛书名:
单 册:
中图分类: H319.4
科图分类:
主题词: 英语
电子资源:
ISBN: 7-119-01596-6
 
 
 
 
 
000 00509nam0 2200193 45
001 0008101080
005 20000810105355.6
010    @a7-119-01596-6@d9.60元
100    @a20000810d1993 km y0chiy0120 ea
101 0  @achi
105    @a z 000yy
200 1  @a双城记@AShuang Cheng Ji@f狄理斯 著@FDi Li Si Zhu
210    @a北京@c外文出版社@d1993
215    @a410页@d36开
606 0  @a英语
690    @aH319.4@v3
701  0 @a狄理斯@4著
801    @aCN@bPftUser@c20000810
905    @b102163-167@dH319.4@eD757/2@f5
    
    双城记/狄理斯 著.-北京:外文出版社,1993
    410页;36开
    
    
    ISBN 7-119-01596-6:9.60元
    
●
相关链接 在E读中查询图书 在当当中查询图书 在豆瓣中查询图书


正题名:双城记     索取号:H319.4/D757/2         预约/预借

序号 登录号 条形码 馆藏地/架位号 状态 备注
1 102163   201021633   语言库209/209语言库 44排7列3层/ [索取号:H319.4/D757/2] 在馆    
2 102164   201021642   语言库209/209语言库 44排7列3层/ [索取号:H319.4/D757/2] 在馆    
3 102165   201021651   外国语学院资料室/209语言库 44排7列3层/ [索取号:H319.4/D757/2] 在馆    
4 102166   201021660   语言库209/209语言库 44排7列3层/ [索取号:H319.4/D757/2] 在馆    
5 102167   201021679   语言库209/209语言库 44排7列3层/ [索取号:H319.4/D757/2] 在馆    
河南城建学院图书馆 欢迎您!
大连网信软件有限公司© 版权所有